000 00463nam a2200181Ia 4500
005 20250508152603.0
008 008 250505s9999 xx 000 0 hin d
037 _aBooks to be hide in OPAC
040 _aFEDL
_beng
_cFEDL
041 _ahin
_2eng
084 _a323.4, VIS/O
_qFEDL
100 _aVishnu Rajdev
_9761873
245 0 _aManav adhikar
260 _c1906
300 _a96p.
942 _cHB
_h323.4, VIS/O
999 _c1337427
_d1337427